LEADER 00968nam0-22003611i-450- 001 990003757520403321 005 20001010 010 $a0-333-30534-4 035 $a000375752 035 $aFED01000375752 035 $a(Aleph)000375752FED01 035 $a000375752 100 $a20001010d--------km-y0itay50------ba 101 0 $aita 105 $ay-------001yy 200 1 $aMarxism and ideology$fJorge Larrain 205 $a1. ed. 210 $aLondon$cMacMillan Press$d1983 215 $aviii, 263 p.$cfig.$d21 cm 225 1 $aContemporary social theory 300 $aContiene riferimenti bibl. e indice analitico 610 0 $aIDEOLOGIA 610 0 $aMARXISMO$aStudi 676 $a140$a335.411 700 1$aLarrain,$bJorge$0120249 801 0$aIT$bUNINA$gRICA$2UNIMARC 901 $aBK 912 $a990003757520403321 952 $a140 LAR 2$b2899$fBFS 959 $aBFS 996 $aMarxism and ideology$9508782 997 $aUNINA DB $aING01 LEADER 01164nam--2200397---450- 001 990000497290203316 005 20050519094646.0 010 $a88-382-3639-9 035 $a0049729 035 $aUSA010049729 035 $a(ALEPH)000049729USA01 035 $a0049729 100 $a20010608d1996----km-y0itay0103----ba 101 $aita 102 $aIT 105 $a||||||||001yy 200 1 $aElisa Salerno e la promozione della donna$fGianni Cisotto 210 $aRoma$cStudium$dc1996 215 $a229 p.$d21 cm 225 2 $aRiligione e società$v25 410 $12001$aRiligione e società$v25 461 1$1001-------$12001 606 0 $aSalerno, Elisa 676 $a305.42092 700 1$aCISOTTO,$bGianni a.$0467468 801 0$aIT$bsalbc$gISBD 912 $a990000497290203316 951 $aII 2 Coll.19/5(XIV COLL 84/25)$b132894 LM$cXIV COLL 959 $aBK 969 $aUMA 979 $aPATTY$b90$c20010608$lUSA01$h1228 979 $c20020403$lUSA01$h1658 979 $aPATRY$b90$c20040406$lUSA01$h1634 979 $aCOPAT7$b90$c20050519$lUSA01$h0946 996 $aElisa Salerno e la promozione della donna$9859809 997 $aUNISA